000 00774nam a22002057a 4500
005 20251108173250.0
008 250721s2005 xx 000 0 ara d
082 1 4 _a341.52/موس
100 1 _aالموسى، محمد خليل
245 1 0 _aالتسويات السلمية المتعلقة بخلافة الدول وفقا لأحكام القانون الدولي /
264 1 _aأبو ظبي :
_bمركز الإمارات للدراسات و البحوث الإستراتيجية،
_c2005.
300 _a98ص
490 0 _aدراسات إستراتيجية
_v110
650 1 7 _aالقانون الدولي
650 1 7 _aالتحكيم الدولي
650 1 7 _aالوساطة
650 1 7 _aالعلاقات الدولية
942 _2ddc
_cBK
999 _c99906
_d99906